1532 1572 1984 1430 1155 1505 1442 1970 1403 1788 1377 1317 1645 1784 1027 1523 1410 1878 1381 1876 1303 1361 1242 1434 1089 1378 1811 1902 1858 1486 1357 1445 1104 1162 1630 1022 1418 1679 1713 1304 1334 1269 1378 1600 1856 1120 1095 1981 1889 1685 1180 1452 1091 1258 1243 1607 1244 1723 1046 1858 1408 1115 1544 1702 1239 1951 1095 1016 1533 1991 1837 1354 1473 1704 1398 1421 1540 1309 1633 1516 1398 1290 1869 1680 1582 1179 1268 1500 1610 1261 1767 1815 1219 1391 1134 1724 1374 1026 1322 BCNSPRNW ULIB Ver.6.0+V

เปลี่ยนเป็นภาษาไทย

Change to English
 แสดงรายละเอียดบรรณานุกรม
  กลับหน้าหลัก

Brief Record : Get Marc (ISO 2709) : E-mail record : QR code < ปิดหน้าต่าง
LEADER : 00000nam 2200000uu 4500
001    13399120127
003     ULIB
008    120904s2554||||th 000 0 tha d
020    ^a9747762412
020    ^a9789747762419
060 04 ^aQT104^bร326ส 2554
245 00 ^aสรีรวิทยา /^cรัชฎ แก่นสาร์, บรรณาธิการ
250    ^aพิมพ์ครั้งที่ 11
260    ^aกรุงเทพฯ :^bโครงการสวัสดิการวิชาการ สถาบันพระบรมราชชนกกระทรวงสาธารณสุข,^c2554
300    ^a[6], 671 หน้า :^bภาพประกอบ ;^c30 ซม.
650  7 ^aสรีรวิทยา
700 0  ^aรัชฎา แก่นสาร์,^eบรรณาธิการ
710 2  ^aกระทรวงสาธารณสุข. ^bสถาบันพระบรมราชชนก.^bโครงการสวัสดิการวิชาการ
945    ^p300^l0^i19436
945    ^p300^l0^i19437
945    ^p300^l0^i19438
945    ^p300^l0^i19439
945    ^p300^l0^i19440
945    ^p300^l0^i19441
945    ^p300^l0^i19442
945    ^p300^l0^i19443
945    ^p300^l0^i19444
945    ^p300^l0^i19445
945    ^p300^l0^i19446
945    ^p300^l0^i19447
995    ^aกัณชพร
999    ^aทศพร เกษรทอง
รายการนี้ยังไม่มีแท็ก
คุณยังไม่ได้ล็อกอิน คุณสามารถมีกิจกรรมร่วมกับเว็บไซต์ได้ แต่ต้องล็อกอินก่อน ::
  ล็อกอิน

รายการสื่อสารสนเทศ

ลำดับที่ ประเภท เลขเรียก/บาร์โค้ด สถานที่ สถานะ
1. วิทยาศาสตร์การแพทย์ และสุขภาพ
วิทยาศาสตร์การแพทย์ และสุขภาพ
สถานะ=หนังสือเก่า
QT104 ร326ส 2554  
  Barcode: 19436
ห้องสมุดวิทยาเขตนครสวรรค์
►ส่วนจัดเก็บหนังสือเก่า นว.
บนชั้น
  ขอยืม
2. วิทยาศาสตร์การแพทย์ และสุขภาพ
วิทยาศาสตร์การแพทย์ และสุขภาพ
สถานะ=หนังสือเก่า
QT104 ร326ส 2554 ฉ.10 
  Barcode: 19445
ห้องสมุดวิทยาเขตนครสวรรค์
►ส่วนจัดเก็บหนังสือเก่า นว.
บนชั้น
  ขอยืม
3. วิทยาศาสตร์การแพทย์ และสุขภาพ
วิทยาศาสตร์การแพทย์ และสุขภาพ
สถานะ=หนังสือเก่า
QT104 ร326ส 2554 ฉ.11 
  Barcode: 19446
ห้องสมุดวิทยาเขตนครสวรรค์
►ส่วนจัดเก็บหนังสือเก่า นว.
บนชั้น
  ขอยืม
4. วิทยาศาสตร์การแพทย์ และสุขภาพ
วิทยาศาสตร์การแพทย์ และสุขภาพ
สถานะ=หนังสือเก่า
QT104 ร326ส 2554 ฉ.12 
  Barcode: 19447
ห้องสมุดวิทยาเขตนครสวรรค์
►ส่วนจัดเก็บหนังสือเก่า นว.
บนชั้น
  ขอยืม
5. วิทยาศาสตร์การแพทย์ และสุขภาพ
วิทยาศาสตร์การแพทย์ และสุขภาพ
สถานะ=หนังสือเก่า
QT104 ร326ส 2554 ฉ.2 
  Barcode: 19437
ห้องสมุดวิทยาเขตนครสวรรค์
►ส่วนจัดเก็บหนังสือเก่า นว.
บนชั้น
  ขอยืม
6. วิทยาศาสตร์การแพทย์ และสุขภาพ
วิทยาศาสตร์การแพทย์ และสุขภาพ
สถานะ=หนังสือเก่า
QT104 ร326ส 2554 ฉ.4 
  Barcode: 19439
ห้องสมุดวิทยาเขตนครสวรรค์
►ส่วนจัดเก็บหนังสือเก่า นว.
บนชั้น
  ขอยืม
7. วิทยาศาสตร์การแพทย์ และสุขภาพ
วิทยาศาสตร์การแพทย์ และสุขภาพ
สถานะ=หนังสือเก่า
QT104 ร326ส 2554 ฉ.5 
  Barcode: 19440
ห้องสมุดวิทยาเขตนครสวรรค์
►ส่วนจัดเก็บหนังสือเก่า นว.
บนชั้น
  ขอยืม
8. วิทยาศาสตร์การแพทย์ และสุขภาพ
วิทยาศาสตร์การแพทย์ และสุขภาพ
สถานะ=หนังสือเก่า
QT104 ร326ส 2554 ฉ.6 
  Barcode: 19441
ห้องสมุดวิทยาเขตนครสวรรค์
►ส่วนจัดเก็บหนังสือเก่า นว.
บนชั้น
  ขอยืม
9. วิทยาศาสตร์การแพทย์ และสุขภาพ
วิทยาศาสตร์การแพทย์ และสุขภาพ
สถานะ=หนังสือเก่า
QT104 ร326ส 2554 ฉ.7 
  Barcode: 19442
ห้องสมุดวิทยาเขตนครสวรรค์
►ส่วนจัดเก็บหนังสือเก่า นว.
บนชั้น
  ขอยืม
10. วิทยาศาสตร์การแพทย์ และสุขภาพ
วิทยาศาสตร์การแพทย์ และสุขภาพ
สถานะ=หนังสือเก่า
QT104 ร326ส 2554 ฉ.8 
  Barcode: 19443
ห้องสมุดวิทยาเขตนครสวรรค์
►ส่วนจัดเก็บหนังสือเก่า นว.
บนชั้น
  ขอยืม
11. วิทยาศาสตร์การแพทย์ และสุขภาพ
วิทยาศาสตร์การแพทย์ และสุขภาพ
สถานะ=หนังสือเก่า
QT104 ร326ส 2554 ฉ.9 
  Barcode: 19444
ห้องสมุดวิทยาเขตนครสวรรค์
►ส่วนจัดเก็บหนังสือเก่า นว.
บนชั้น
  ขอยืม

รายการใกล้เคียง
    หัวเรื่อง [สรีรวิทยา]

BibComment


ยังไม่เคยถูกคอมเมนท์

คอมเมนท์ทรัพยากรรายการนี้
  คอมเมนท์: สรีรวิทยา รัชฎ ..


 Copyright 2026. Bcnsprnw @Library